Statistics for ArmA III Quiz

Click here to take the quiz!

General Stats

  • This quiz has been taken 32 times
    (31 since last reset)
  • The average score is 17 of 36

Answer Stats

HintAnswer% Correct
Playable TerrainsAltis
100%
Playable TerrainsStratis
82%
FactionsNATO
76%
Playable TerrainsTanoa
76%
FactionsCSAT
71%
Playable TerrainsLivonia
71%
DLCsMarksmen
71%
DLCsTanks
71%
FactionsAAF
65%
DLCsHelicopters
65%
DLCsJets
65%
Playable TerrainsMalden
65%
DLCsTac-Ops
65%
FactionsFIA
59%
DLCsLaws of War
59%
DLCsApex
53%
DLCsKarts
53%
FactionsLDF
53%
DLCsContact
47%
CampaignsThe East Wind
47%
FactionsCTRG
35%
FactionsSpetsnaz
35%
FactionsSyndikat
35%
CampaignsBeyond Hope
29%
FactionsGendarmerie
29%
CampaignsOld Man
29%
Playable TerrainsVirtual Reality
29%
CampaignsApex Protocol
24%
CampaignsFirst Contact
24%
CampaignsStepping Stone
24%
CampaignsPrologue
18%
CampaignsSteel Pegasus
18%
CampaignsAltis Requiem
12%
FactionsIDAP
12%
CampaignsRemnants of War
12%
FactionsViper
12%

Score Distribution

Percentile by Number Answered

Percent of People with Each Score

Your Score History

You have not taken this quiz since the last reset